Every Knife in CS2 - Statistics

General Stats
  • This quiz has been taken 700 times
  • The average score is 15 of 20
Answer Stats
Answer % Correct
Karambit
97%
Butterfly
95%
Bayonet
87%
M9 Bayonet
86%
Talon
83%
Gut
78%
Huntsman
78%
Flip
77%
Stiletto
77%
Shadow Daggers
76%
Bowie
72%
Navaja
72%
Classic
68%
Falchion
68%
Skeleton
68%
Survival
68%
Kukri
66%
Paracord
65%
Nomad
61%
Ursus
61%
No matching quizzes found
Score Distribution
Percent of People with Each Score
Percentile by Number Answered
Your Score History
You have not taken this quiz